Eishockey: DEL-Teams – Sudden Death - Statistiken

Allgemein
  • Dieses Quiz wurde 2.668 mal gespielt
  • Das Durchschnittsergebnis liegt bei 9 aus 11
Answers on the Grid
Answers color-coded by a green-red scale on the quiz's grid according to % correct below.
Eisbären
Pinguins
Adler
Haie
Löwen
Tigers
Ice Tigers
Wild Wings
Grizzlys
Panther
Roosters
Robots
Ice Wolves
Capricorns
Cool Stars
Schneeeulen
Arctix
Polarfüchse
 
Antwortstatistiken
Antwort % Korrekt
Berlin Eisbären
93%
Köln Haie
90%
Mannheim Adler
88%
Bremerhaven (Fishtown) Pinguins
82%
Wolfsburg Grizzlys
81%
Nürnberg Ice Tigers
80%
Augsburg Panther
79%
Frankfurt Löwen
78%
Straubing Tigers
75%
Iserlohn Roosters
69%
Schwenningen Wild Wings
65%
Keine übereinstimmenden Quizze gefunden
Verteilung der Resultate
Anzahl Personen mit jedem Resultat
Perzentil nach korrekt beantworteten Fragen
Ihre Resultats-Entwicklung
Sie haben dieses Quiz noch nicht gespielt